000 00677nam a2200241Ia 4500
003 OSt
005 20221005081250.0
006 a|||||r|||| 00| 0
007 ta
008 221004b |||||||| |||| 00| 0 eng d
024 _a54749
037 _cTextual
040 _aCRL
_cCRL
_beng
041 _2eng
_aeng
082 _aV2y7M97x, L3
100 _aHussain Zakir
_9150299
245 0 _aPresident Zakir Hussain's Speeches
260 _aNew Delhi
_bPublication Division Ministry of Information and Broadcasting
_c1973
300 _a386p.
_ccm.
650 _aINDIA - HISTORY
942 _hV2y7M97x, L3
_cTEXL
_2cc
999 _c987450
_d987450